Культурология для культурологов: учебное пособие

Λεπτομέρειες βιβλιογραφικής εγγραφής
Κύριος συγγραφέας: Флиер А. Я. Андрей Яковлевич
Γλώσσα:Ρωσικά
Έκδοση: Москва, Академический проект, 2002
Σειρά:Учебное пособие для высшей школы
Θέματα:
Μορφή: Βιβλίο
KOHA link:https://koha.lib.tpu.ru/cgi-bin/koha/opac-detail.pl?biblionumber=47918

MARC

LEADER 00000nam0a2200000 4500
001 47918
005 20231031030727.0
010 |a 582910136X 
035 |a (RuTPU)RU\TPU\book\50108 
090 |a 47918 
100 |a 20030227d2002 m y0rusy50 ca 
101 0 |a rus 
102 |a RU 
105 |a y j 001zy 
200 1 |a Культурология для культурологов  |e учебное пособие  |f А. Я. Флиер 
210 |a Москва  |a Екатеринбург  |c Академический проект  |c Деловая книга  |d 2002 
215 |a 492 с. 
225 1 |a Учебное пособие для высшей школы 
320 |a Библиогр.: с. 448-455. 
451 1 |0 (RuTPU)RU\TPU\book\23469  |y 5-8291-0083-5  |t Культурология для культурологов  |o учебное пособие  |f А. Я. Флиер  |c М.  |n Академический проект  |d 2000  |p 496 с.  |a Флиер, Андрей Яковлевич 
610 1 |a культура 
610 1 |a культурология 
610 1 |a теория 
610 1 |a история 
610 1 |a категории 
610 1 |a культурологические тексты 
610 1 |a жанры 
610 1 |a учебные пособия 
686 |a Ч111я73  |v LBC/SL-A  |2 rubbk 
700 1 |a Флиер  |b А. Я.  |g Андрей Яковлевич 
801 1 |a RU  |b 63413507  |c 20030227  |g PSBO 
801 2 |a RU  |b 63413507  |c 20130111  |g PSBO 
900 |a Культурология 
900 |a Основы теории коммуникации 
942 |c BK